Most Popular Country Quizzes in Each Featured Language - Statistics

General Stats
  • This quiz has been taken 22 times
    20 since last reset
  • The average score is 50 of 58
Answer Stats
Answer % Correct
Australia
100%
Belgium
100%
Brazil
100%
Canada
100%
China
100%
Finland
100%
Germany
100%
India
100%
Ireland
100%
Italy
100%
Japan
100%
Mexico
100%
New Zealand
100%
Norway
100%
Poland
100%
Russia
100%
Spain
100%
Sweden
100%
United Kingdom
100%
Argentina
94%
Colombia
94%
Czechia
94%
France
94%
Netherlands
94%
South Africa
94%
Switzerland
94%
United States
94%
Austria
89%
Denmark
89%
Egypt
89%
Greece
89%
Indonesia
89%
Portugal
89%
Turkey
89%
Ukraine
89%
Venezuela
89%
Algeria
83%
Belarus
83%
Peru
83%
South Korea
83%
Ecuador
78%
Estonia
78%
Iceland
78%
Morocco
78%
Chile
72%
Croatia
72%
Vatican City
72%
Israel
67%
Lithuania
67%
Monaco
67%
Paraguay
67%
Philippines
67%
Slovenia
67%
Uruguay
67%
Cuba
61%
Albania
56%
Tunisia
56%
North Macedonia
22%
No matching quizzes found
Score Distribution
Percent of People with Each Score
Percentile by Number Answered
Your Score History
You have not taken this quiz since the last reset